|
|
|
|
| LEADER |
00000nam a2200000 a 4500 |
| 001 |
UCK4624 |
| 003 |
CL-VaPUC |
| 008 |
050617e19970000us |||||||||||||||||eng|d |
| 020 |
|
|
|a 0486678342
|
| 082 |
0 |
4 |
|a 538.44
|b ROS
|2 21
|
| 100 |
0 |
|
|a Rosensweig, R. E
|e author
|9 493196
|
| 245 |
1 |
0 |
|a Ferrohydrodynamics
|
| 250 |
|
|
|a 1a. ed
|
| 300 |
|
|
|a 344 p
|
| 942 |
|
|
|c BK
|
| 945 |
|
|
|d 20050617 00:00:00
|a cmena
|
| 260 |
|
|
|a Nueva York
|b Dover
|c 1997
|
| 650 |
|
0 |
|a Hidrodinámica
|9 261326
|
| 650 |
|
7 |
|a FLUIDOS MAGNETICOS
|2 CL-VaPUC
|9 493197
|
| 650 |
|
0 |
|a Electromagnetismo
|9 260123
|
| 650 |
|
0 |
|a Dinámica de fluidos
|9 260582
|
| 583 |
|
|
|a last modification
|c 20150504 05:09:14
|k Rodrigo Vera
|
| 999 |
|
|
|c 313447
|d 313445
|
| 952 |
|
|
|0 0
|1 0
|4 0
|6 538_440000000000000_ROS_1997
|7 0
|8 A
|9 384786
|a BIBCUR
|b BIBCUR
|d 2019-11-22
|i 4139445
|o 538.44 ROS 1997
|p 4139445
|r 2025-04-22
|w 2019-11-22
|y BK
|k FIS
|